Hỏi đáp úm gà con, gột vịt con

Saved in:
Bibliographic Details
Main Author: Phạm, Quang Hùng
Format: Book
Language:Undetermined
Published: Hà Nội Nông nghiệp 2004
Subjects:
Tags: Add Tag
No Tags, Be the first to tag this record!
Institutions: Trung tâm Học liệu Trường Đại học Cần Thơ
LEADER 00525nam a2200193Ia 4500
001 CTU_92922
008 210402s9999 xx 000 0 und d
082 |a 636.50824 
082 |b H513 
100 |a Phạm, Quang Hùng 
245 0 |a Hỏi đáp úm gà con, gột vịt con 
245 0 |c Phạm Quang Hùng 
260 |a Hà Nội 
260 |b Nông nghiệp 
260 |c 2004 
650 |a Poultry 
650 |x Breeding 
904 |i Tuyến 
980 |a Trung tâm Học liệu Trường Đại học Cần Thơ